Statistics for Signers of the American Constitution

Click here to take the quiz!

General Stats

  • This quiz has been taken 22 times
  • The average score is 4 of 39

Answer Stats

StateAnswer% Correct
VirginiaGeorge Washington
100%
PennsylvaniaBenjamin Franklin
65%
VirginiaJames Madison
59%
New YorkAlexander Hamilton
53%
PennsylvaniaJames Wilson
18%
MassachusettsRufus King
18%
MarylandDaniel Jenifer of St Thomas
12%
South CarolinaJohn Rutledge
12%
PennsylvaniaRobert Morris
12%
PennsylvaniaGeorge Clymer
6%
DelawareGeorge Read
6%
North CarolinaHugh Williamson
6%
MarylandJames McHenry
6%
VirginiaJohn Blair
6%
DelawareJohn Dickinson
6%
South CarolinaPierce Butler
6%
ConnecticutRoger Sherman
6%
PennsylvaniaThomas Mifflin
6%
GeorgiaWilliam Few
6%
New JerseyWilliam Livingston
6%
GeorgiaAbraham Baldwin
0%
South CarolinaCharles Cotesworth Pickney
0%
South CarolinaCharles Pickney
0%
MarylandDaniel Carroll
0%
New JerseyDavid Brearly
0%
PennsylvaniaGouverneur Morris
0%
DelawareGunning Bedford Jr.
0%
DelawareJacob Broom
0%
PennsylvaniaJared Ingersroll
0%
New HampshireJohn Langdon
0%
New JerseyJonathan Dayton
0%
MassachusettsNathaniel Gorham
0%
New HampshireNicholas Gilman
0%
DelawareRichard Bassett
0%
North CarolinaRichard D Spaight
0%
PennsylvaniaThomas Fitzsimons
0%
North CarolinaWilliam Blount
0%
New JerseyWilliam Paterson
0%
ConnecticutWilliam S Johnson
0%

Score Distribution

Percentile by Number Answered

Percent of People with Each Score

Your Score History

You have not taken this quiz